Industrial Relations and Labour Laws: Including labour laws on social security, wages, minimum standards of Employment and Labour Code (Record no. 12593)

MARC details
000 -LEADER
fixed length control field 00497nam a22001577a 4500
003 - CONTROL NUMBER IDENTIFIER
control field OSt
008 - FIXED-LENGTH DATA ELEMENTS--GENERAL INFORMATION
fixed length control field 240501b |||||||| |||| 00| 0 eng d
020 ## - INTERNATIONAL STANDARD BOOK NUMBER
International Standard Book Number 9789354539961
082 ## - DEWEY DECIMAL CLASSIFICATION NUMBER
Classification number 344.01 SRI
100 ## - MAIN ENTRY--PERSONAL NAME
Personal name SRIVASTAVA,SC
245 ## - TITLE STATEMENT
Title Industrial Relations and Labour Laws: Including labour laws on social security, wages, minimum standards of Employment and Labour Code
250 ## - EDITION STATEMENT
Edition statement 8th ed
260 ## - PUBLICATION, DISTRIBUTION, ETC. (IMPRINT)
Place of publication, distribution, etc Noida
Name of publisher, distributor, etc Vikas Publishing House Private Limited
Date of publication, distribution, etc 2023
300 ## - PHYSICAL DESCRIPTION
Extent 800
942 ## - ADDED ENTRY ELEMENTS (KOHA)
Source of classification or shelving scheme Dewey Decimal Classification
Koha item type Text Books
Holdings
Withdrawn status Lost status Source of classification or shelving scheme Damaged status Not for loan Collection code Home library Current library Date acquired Source of acquisition Currency Cost, normal purchase price Bill Number Total Checkouts Full call number Acc. no. / Barcode Date last seen Actual Cost, discounted price Bill Date Koha item type
    Dewey Decimal Classification     BBA PIET C-LIBRARY PIET C-LIBRARY 23/03/2024 Zafaa Books and Distributors In rupees 799.00 ZBD071   344.01 SRI 35961 01/05/2024 559.30 23/03/2024 Reference Books
    Dewey Decimal Classification     BBA PIET C-LIBRARY PIET C-LIBRARY 23/03/2024 Zafaa Books and Distributors In rupees 799.00 ZBD071   344.01 SRI 35962 01/05/2024 559.30 23/03/2024 Text Books
    Dewey Decimal Classification     BBA PIET C-LIBRARY PIET C-LIBRARY 23/03/2024 Zafaa Books and Distributors In rupees 799.00 ZBD071   344.01 SRI 35963 01/05/2024 559.30 23/03/2024 Text Books
    Dewey Decimal Classification     BBA PIET C-LIBRARY PIET C-LIBRARY 23/03/2024 Zafaa Books and Distributors In rupees 799.00 ZBD071   344.01 SRI 35964 01/05/2024 559.30 23/03/2024 Text Books
    Dewey Decimal Classification     BBA PIET C-LIBRARY PIET C-LIBRARY 23/03/2024 Zafaa Books and Distributors In rupees 799.00 ZBD071   344.01 SRI 35965 01/05/2024 559.30 23/03/2024 Text Books

Design & Developed by: PIET Central Library
R70 Miles Stone Pattikalyana Samalkha Panipat 132102
mail ID :- [email protected], Phone No:- 0180-2569700 Ex.216